000 01720cam a22003255i 4500
001 17530692
003 EG-ScBUE
005 20260315095129.0
008 121026t2013 flua frb 001 0 eng d
020 _a9781439876367
040 _aEG-ScBUE
_beng
_erda
_cEG-ScBUE
_dEG-ScBUE
082 0 4 _a553.282
_222
_bDAN
100 1 _aDandekar, Abhijit Y.,
_913735
_eauthor.
245 1 0 _aPetroleum reservoir rock and fluid properties /
_cAbhijit Y. Dandekar.
250 _aSecond edition.
264 1 _aBoca Raton, FL :
_bCRC Press / Taylor & Francis Group,
_c[2013]
264 4 _cc2013
300 _axxv, 518 pages :
_billustrations ;
_c24 cm
336 _2rdacontent
_atext
_btxt
337 _aunmediated
_2rdamedia
_bn
338 _avolume
_bnc
_2rdacarrier
504 _aIncludes bibliographical references and index.
520 _a"The primary purpose and scope of this book was already covered in great details in the 1st edition. Therefore, rather than repeating that information again and dwelling on the details, only the highlights and changes made in the 2nd edition distinguishing it from the 1st edition are included here. Chapter 1 still serves as an overall introduction to petroleum reservoir rock and fluid properties, but has now been organized in a more systematic and easy to understand manner. The discussion begins with a basic definition and significance of "petroleum"; "reservoir"; "rock" and "fluids"--Provided by publisher.
650 7 _aPetroleum reserves
_xFluid dynamics.
_2BUEsh
_941048
650 7 _aPetroleum reserves
_xMechanical properties.
_2BUEsh
_912927
650 7 _aPetroleum engineering.
_2BUEsh
_95223
653 _bENGPET
_cSeptember2016
655 _vReading book
942 _2ddc
_cBB
999 _c22319
_d22291